Music Quiz

Random Music Quiz

Top 10 Rolling Stones songs according to WatchMojo.com Quiz Stats

Quiz not verified by Sporcle

Challenge
Share
Tweet
Embed
Score 0/10 Timer 12:00
0 Plays Today
Album Song % Correct
Out of Our Heads(If I Can't Get No) Satisfaction
93.1%
Beggars BanquetSympathy for the Devil
88.2%
Let It BleedGimme Shelter
84%
AftermathPaint It Black
84%
Sticky FingersBrown Sugar
81.3%
Tattoo YouStart Me Up
77.8%
Let It BleedYou Can't Always Get What You Want
68.8%
Exile on Main St.Tumbling Dice
62.5%
Sticky FingersWild Horses
62.5%
SingleHonky Tonk Women
41%

You're not logged in!

Compare scores with friends on all Sporcle quizzes.
Sign Up with Email
OR
Log In

You Might Also Like...

Show Comments

Extras

Top Quizzes Today


Score Distribution

Your Account Isn't Verified!

In order to create a playlist on Sporcle, you need to verify the email address you used during registration. Go to your Sporcle Settings to finish the process.